Welcome to CU Library Online Public Access Catalogue (OPAC)

Electrical Principles and Practices (Record no. 8201)

MARC details
000 -LEADER
fixed length control field 00519nam a22001697a 4500
005 - DATE AND TIME OF LATEST TRANSACTION
control field 20251110193417.0
008 - FIXED-LENGTH DATA ELEMENTS--GENERAL INFORMATION
fixed length control field 251110b |||||||| |||| 00| 0 eng d
020 ## - INTERNATIONAL STANDARD BOOK NUMBER
International Standard Book Number 9780826918048
050 ## - LIBRARY OF CONGRESS CALL NUMBER
Classification number TK146
Item number .A3
100 ## - MAIN ENTRY--PERSONAL NAME
Personal name Mazur, Glen A.
245 ## - TITLE STATEMENT
Title Electrical Principles and Practices
Remainder of title Workbook
Statement of responsibility, etc. Glen A. Mazur & Peter A. Zurlis
250 ## - EDITION STATEMENT
Edition statement 3rd ed.
260 ## - PUBLICATION, DISTRIBUTION, ETC.
Place of publication, distribution, etc. Homewood, Illinois
Name of publisher, distributor, etc. American Technical Publishers
Date of publication, distribution, etc. 2007
300 ## - PHYSICAL DESCRIPTION
Extent 246p.
Other physical details ill.
Dimensions 27.5cm
700 ## - ADDED ENTRY--PERSONAL NAME
Personal name Zurlis, Peter A.
942 ## - ADDED ENTRY ELEMENTS (KOHA)
Source of classification or shelving scheme Library of Congress Classification
Koha item type Books
Edition 3rd ed.
Suppress in OPAC No
999 ## -
-- 8201
-- 8201
Holdings
Withdrawn status Lost status Source of classification or shelving scheme Damaged status Not for loan Collection Home library Current library Shelving location Date acquired Total checkouts Full call number Barcode Date last seen Copy number Price effective from Koha item type
    Library of Congress Classification     Non-fiction Science Library (Miotso) Science Library (Miotso) General stacks 11/10/2025   TK146 .A3 MAZ SLM00005715 11/10/2025 1 11/10/2025 Books
© 2023-2024 Copyright: Central University Libraries. All Rights Reserved | Created by: Mahone Tech Office